Petit Bac (Géographie) - Lettre A - Statistiques

Statistiques générales
  • Ce quiz a été pris 2 457 fois
    2 423 depuis la dernière actualisation
  • Le résultat moyen est 8 sur 12
Statistiques - réponses
Thèmes Mots commençant par A % Correct
Pays d'Europe Albanie / Allemagne / Andorre / Autriche
100%
Mer, océan et golfe Atlantique / Arctique / Adriatique / Austral +14
91%
Département français Ain / Aisne / Allier / Alpes-de-Haute-Provence +7
88%
Capitale Abou Dhabi / Abuja / Accra / Achgabat +12
86%
Pays d'Asie Afghanistan / Arabie Saoudite / Arménie / Azerbaïdjan
85%
Massifs et chaînes de montagnes de plus de 1 000 km Alpes / Cordillère des Andes / Massif de l'Atlas / Appalaches / Altaï +12
80%
États des États-Unis Alabama / Alaska / Arizona / Arkansas
78%
Préfecture Agen / Ajaccio / Albi / Alençon / Amiens +8
66%
Pays insulaire Antigua-et-Barbuda / Australie
57%
Fleuve de plus de 200 km Amazone / Atrato / Alazeïa / Amou-Daria / Amour +10
52%
Ville espagnole de plus de 50 000 habitants Arrecife / Alicante / Adeje / Albacete +12
39%
Ville de plus de 5 millions d'habitants Ahmedabad / Alexandrie / Atlanta
28%
Aucun quiz correspondant
Distribution des résultats
% des personnes avec chaque résultat
Percentile par nombre de réponses
Votre historique - résultats
Vous n’avez pas pris ce quiz depuis la dernière actualisation